| 000 | 01271nam a22003737a 4500 | ||
|---|---|---|---|
| 001 | 708255 | ||
| 003 | OSt | ||
| 005 | 20210421065535.0 | ||
| 008 | 970407s1997 nyu b 001 0 eng c | ||
| 010 | _a 97016428 | ||
| 020 | _a082619740X | ||
| 040 |
_aDNLM/DLC _cDLC _deng _beng |
||
| 041 | _aeng | ||
| 043 | _an-us--- | ||
| 050 | 0 | 0 |
_aRT120.H65 _bL68 1997 |
| 060 | 1 | 0 | _aWY 115 L897m 1997 |
| 080 |
_a613.89 _bL-94 |
||
| 082 | 0 | 0 |
_a362.1/4 _221 |
| 100 | 1 | _aLovejoy, Denise. | |
| 245 | 1 | 0 |
_aMaking the transition to home health nursing : _ba practical guide / _cDenise Lovejoy. |
| 260 |
_aNew York : _bSpringer Pub. Co., _cc1997. |
||
| 300 |
_axi, 185 p. ; _c24 cm. |
||
| 504 | _aIncludes bibliographical references and index. | ||
| 650 | 0 | _aHome nursing. | |
| 650 | 0 |
_aFamily Medicine _9119 |
|
| 650 | 0 |
_aHome nursing _zUnited States. |
|
| 650 | 1 | 2 |
_aHome Care Services _xorganization & administration. |
| 650 | 2 | 2 | _aCareer Choice. |
| 653 | _aსაოჯახო მედიცინა | ||
| 653 | _aსახლში მოვლა | ||
| 906 |
_a7 _bcbc _corignew _d1 _eocip _f19 _gy-gencatlg |
||
| 942 |
_2udc _cBK |
||
| 999 |
_c684 _d684 |
||